Teória a politika reformy verejnej správy
Základné charakteristiky lokálnych vlád. Otázky teoretických zdrojov, ktoré reformy verejnej správy využívajú a ponúkajú východiská pre identifikáciu strategických cieľov reformy verejnej správy na Slovensku. Liberálne teórie a komunitaristické teórie. Štát verzus obec. Decentralizácia moci a modely...
Salvato in:
| Autore principale: | |
|---|---|
| Natura: | Capitolo di libro |
| Lingua: | slovacco |
| Soggetti: | |
| Tags: |
Nessun Tag, puoi essere il primo ad aggiungerne!!
|
MARC
| LEADER | 00000naa a2200000 4500 | ||
|---|---|---|---|
| 001 | r035255 | ||
| 005 | 20230929070146.3 | ||
| 041 | 0 | |a slo | |
| 044 | |a SK | ||
| 245 | 1 | 0 | |a Teória a politika reformy verejnej správy |c Ľudmila Malíková |
| 520 | |a Základné charakteristiky lokálnych vlád. Otázky teoretických zdrojov, ktoré reformy verejnej správy využívajú a ponúkajú východiská pre identifikáciu strategických cieľov reformy verejnej správy na Slovensku. Liberálne teórie a komunitaristické teórie. Štát verzus obec. Decentralizácia moci a modely verejnej správy. Regionalizmus v európskom integračnom procese. Teória verejnej voľby. Teória neo-taylorizmu. Teória duálneho štátu. Teória sociálnych vzťahov. Teória nového verejného manažmentu. | ||
| 610 | 2 | 0 | |a správa verejná |
| 610 | 2 | 0 | |a reformy štruktúrne |
| 610 | 2 | 0 | |a teórie ekonomické |
| 610 | 2 | 0 | |a liberalizmus |
| 610 | 2 | 0 | |a politika |
| 610 | 2 | 0 | |a teória voľby verejnej |
| 610 | 2 | 0 | |a vláda |
| 610 | 2 | 0 | |a štát |
| 610 | 2 | 0 | |a decentralizácia |
| 610 | 2 | 0 | |a regionalizácia |
| 610 | 2 | 0 | |a teória sociálna |
| 610 | 2 | 0 | |a Slovensko |
| 100 | 1 | |a Malíková, Ľudmila | |